|
|
|
|
| LEADER |
02071nam a2200529 a 4500 |
| 001 |
nkc20051573549 |
| 003 |
CZ PrNK |
| 005 |
20051027102240.0 |
| 007 |
ta |
| 008 |
050627s2005 xr f f 000 0 cze |
| 015 |
|
|
|a cnb001573549
|
| 020 |
|
|
|a 80-239-5689-2
|q (v knize neuvedeno ;
|q brož.)
|
| 035 |
|
|
|a (OCoLC)85157186
|
| 040 |
|
|
|a BOA001
|b cze
|d ABA001
|
| 043 |
|
|
|a e-xr---
|
| 072 |
|
7 |
|a 351
|x Úkoly veřejné správy, správní opatření, legislativa
|2 Konspekt
|9 15
|
| 080 |
|
|
|a 351.74
|2 MRF
|
| 080 |
|
|
|a 351.74-051
|2 MRF
|
| 080 |
|
|
|a 174
|2 MRF
|
| 080 |
|
|
|a 17.021/.024
|2 MRF
|
| 080 |
|
|
|a (437.3)
|2 MRF
|
| 080 |
|
|
|a (035)
|2 MRF
|
| 100 |
1 |
|
|a Dufková, Ivana
|7 jn20001227647
|4 aut
|
| 245 |
1 |
0 |
|a Policie a profesní etika se zaměřením na etický kodex Policie České republiky /
|c Ivana Dufková, Jiří Zlámal
|
| 260 |
|
|
|a Praha :
|b [Střední policejní škola Ministerstva vnitra],
|c 2005
|
| 300 |
|
|
|a 67 s. ;
|c 21 cm
|
| 500 |
|
|
|a Název z obálky
|
| 500 |
|
|
|a Nad názvem: Střední policejní škola Ministerstva vnitra, Středisko pro výchovu k lidským právům a profesní etiku
|
| 610 |
1 |
7 |
|a Česko.
|b Policie
|7 ko2002159737
|2 czenas
|
| 650 |
0 |
7 |
|a policie
|7 ph124228
|z Česko
|2 czenas
|
| 650 |
0 |
7 |
|a policisté
|7 ph124229
|2 czenas
|
| 650 |
0 |
7 |
|a etika povolání
|7 ph115887
|2 czenas
|
| 650 |
0 |
7 |
|a etické kodexy
|7 ph262226
|2 czenas
|
| 650 |
0 |
9 |
|a police
|z Czechia
|2 eczenas
|
| 650 |
0 |
9 |
|a policemen
|2 eczenas
|
| 650 |
0 |
9 |
|a professional ethics
|2 eczenas
|
| 650 |
0 |
9 |
|a ethical codices
|2 eczenas
|
| 655 |
|
7 |
|a příručky
|7 fd133209
|2 czenas
|
| 655 |
|
9 |
|a handbooks and manuals
|2 eczenas
|
| 700 |
1 |
|
|a Zlámal, Jiří
|7 jn20001227648
|4 aut
|
| 710 |
2 |
|
|a Střední policejní škola Ministerstva vnitra (Praha, Česko).
|b Středisko pro výchovu k lidským právům a profesní etiku
|7 xx0034630
|
| 787 |
0 |
|
|t Evropský kodex policejní etiky
|
| 910 |
2 |
|
|a BOA001
|b 2-1154.914
|
| 990 |
|
|
|a BK
|
| 995 |
|
|
|a 01
|
| 991 |
|
|
|b 200508
|c NOV
|
| 996 |
6 |
|
|b 2610254987
|c 2-1154.914
|l MZK
|r Sklad / do 1 hodiny
|n 26
|p p.v.
|w 000780548
|u 000010
|a 1
|e BOA001
|j MZK50
|s P
|